000 00532nam a22001937a 4500
003 KOHA_MİRAKIL
005 20251125074742.0
008 251125b tu ||||| |||| 00| 0 tur d
020 _a9786052651476
040 _aTR-AnABB
_btur
_cTR-AnABB
041 _atur
082 _a895.352
_bCHO 2023
100 1 _aChoo, Yangsze,
245 1 0 _aGece kaplanı /
_cYangsze Choo
260 _aİstanbul :
_bİthaki Yayınları,
_c2023
300 _a480 sayfa ;
_c20 cm
650 0 4 _aMalezya edebiyatı, roman
942 _2ddc
_cBK
999 _c9596
_d9596
900 _bGizem YORULMAZ